History Quiz

Random History or Quote Quiz

Famous Quotes About 'P' Quiz Stats

 Plays Quiz Updated Jul 2, 2015

Challenge
Share
Tweet
Embed
Score 0/28 Timer 08:00
4 Plays Today
% Correct
Problems
98.8%
Past
97.1%
Plans
96.2%
Procrastination
95.1%
Pizza
94%
Promise
93.8%
Profession
93.3%
Playing
93.1%
Piano
93%
Poker
92.4%
Perfection
91.9%
Proud
91.8%
Patience
91.4%
Pessimist
90.6%
% Correct
Pain
88.8%
Puppy
88.4%
Parade
84.8%
Profound
84.8%
Punctual
83.5%
Parents
82.8%
Principles
82.2%
Professor
81%
Poem
76.2%
People
71.3%
Passengers
69.3%
Passions
68.8%
Paranoia
54.3%
Power
46.6%

You're not logged in!

Compare scores with friends on all Sporcle quizzes.
Join for Free
OR
Log In

You Might Also Like...

Show Comments

Extras

Top Quizzes Today


Score Distribution

Your Account Isn't Verified!

In order to create a playlist on Sporcle, you need to verify the email address you used during registration. Go to your Sporcle Settings to finish the process.

Report this User

Report this user for behavior that violates our Community Guidelines.

Details: